| 000 | 00847nam a2200217 i 4500 | ||
|---|---|---|---|
| 001 | 14728 | ||
| 003 | ES-MaACL | ||
| 005 | 20230906150855.0 | ||
| 007 | t| | ||
| 008 | 990528s1998 sp ||||1| spa d | ||
| 080 | _a929 Masarnau, Santiago | ||
| 080 | _a267.25 | ||
| 100 | 1 |
_aFlores Auñón, Juan Carlos. _951272 |
|
| 245 | 1 | 0 |
_aSemblanza biográfica, Santiago Masarnau Fernández, seglar _b: fundador y primer presidente de la Sociedad de San Vicente de Paúl en España (1805-1882) / _cJuan Carlos Flores Auñón. |
| 260 |
_aMadrid : _bOzanam, Organo de las Conferencias de San Vicente de Paúl en España, _c1998. |
||
| 300 |
_a100 p. : _bil. ; _c24 cm. |
||
| 600 | 1 | 4 |
_aMasarnau, Santiago, _d1805-1882 _978669 |
| 610 | 2 | 7 |
_aSociedad de San Vicente de Paúl. _96693 |
| 852 |
_aES-MaACL _jL-21921 _bR.127240 |
||
| 999 |
_c14728 _d14728 |
||